000 00418nam a2200181Ia 4500
001 4506
005 20260306145801.0
008 260306t1967||||xx |||||||||||||| ||spa||
041 _aESP
082 _a323.442
_bK19A
100 _aKamen, Henry
_eAUT
245 0 _aLos caminos de la tolerancia
260 _c1967
300 _a253 páginas :
_c19 cm.
650 _aGEN
654 _aCHU
942 _cLIB
_dJUS
_fJUS
_2ddc
_n
999 _c4506
_d4506